| 000 | 00357nam a22001457a 4500 | ||
|---|---|---|---|
| 003 | MACL | ||
| 005 | 20190627155445.0 | ||
| 008 | 190627b xxu||||| |||| 00| 0 eng d | ||
| 040 | _c MACL | ||
| 100 |
_aSarkar S _975619 |
||
| 245 | _aNoble Scientists of India | ||
| 260 |
_aKolkata _bDynamic Pub _c2017 |
||
| 650 |
_aBiography _975620 |
||
| 942 |
_2ddc _cBK |
||
| 999 |
_c60314 _d60314 |
||